书目信息 |
| 题名: |
光纤通信基础
|
|
| 作者: | 巴诺斯基 主编 ;刘时衡 译 | |
| 分册: | ||
| 出版信息: | 北京 国防工业出版社 1981 |
|
| 页数: | 178页 | |
| 开本: | 20cm | |
| 丛书名: | ||
| 单 册: | ||
| 中图分类: | TN929.11 , TN929.1 | |
| 科图分类: | ||
| 主题词: | 光纤通信--高等学校--教材 , 光通信 , 激光通信 | |
| 电子资源: | ||
| ISBN: | ||
| 000 | 00760nam0 2200277 45 | |
| 001 | 0198006147 | |
| 005 | 20040517092750.4 | |
| 010 | @dCNY0.75 | |
| 091 | @a15034.2295 | |
| 100 | @a19970119d1981 em y0chiy0121 ea | |
| 101 | 0 | @achi@ceng |
| 102 | @aCN@b510000 | |
| 105 | @ay z 000yy | |
| 106 | @ar | |
| 200 | 10 | @a光纤通信基础@Aguang xian tong xin ji chu@f(美)M.K.巴诺斯基主编@F(Mei)M.K.Ba Nuo Si Ji Zhu Bian@g刘时衡等译 |
| 210 | @a北京@c国防工业出版社@d1981 | |
| 215 | @a178页@d20cm | |
| 606 | @a光纤通信@x高等学校@x教材 | |
| 606 | 0 | @a光通信 |
| 606 | 0 | @a激光通信 |
| 690 | @aTN929.11@v3 | |
| 690 | @aTN929.1 | |
| 701 | 0 | @a巴诺斯基@4主编 |
| 702 | 0 | @a刘时衡@ALiu Shi Heng@4译 |
| 801 | 0 | @aCN@bNLC@c19980211 |
| 905 | @f1@b64683@dTN929.1@e3 | |
| 光纤通信基础/(美)M.K.巴诺斯基主编/刘时衡等译.-北京:国防工业出版社,1981 |
| 178页;20cm |
| ISBN :CNY0.75 |
| ● |
| 相关链接 |
|
|
|
|
正题名:光纤通信基础
索取号:TN929.1/3
 
预约/预借
| 序号 | 登录号 | 条形码 | 馆藏地/架位号 | 状态 | 备注 |
| 1 | 0064683 | 001324524 | 第三借阅区/ [索取号:TN929.1/3] | 在馆 | |
| 2 | 0064684 | 001324481 | 第二样本阅览室/ [索取号:TN929.1/3] | 在馆 |